000 00390nam a2200145Ia 4500
003 SEM
008 141116s9999 xx 000 0 und d
080 _a891.981 Ա-77
100 _aԱվագյան Խաչատուր
245 _aՄեր խելոքները. Վավերական և անվավեր ժպիտներ
260 _aԵրևան
260 _c2002
300 _a336
942 _2udc
_cBK
999 _c45794
_d45794